| 000 | 00816nas a2200277 4500 | ||
|---|---|---|---|
| 001 | BR9206851 | ||
| 003 | BR-BrBNA | ||
| 005 | 20231205093000.0 | ||
| 007 | ta | ||
| 008 | 230509b bl.|||p| |||| 00| 00por d | ||
| 040 |
_aBR-BrBNA _bpor _cBiblioteca Nacional de Agricultura |
||
| 041 | _a(Pt) | ||
| 072 | _aL73 | ||
| 100 | 1 | _aCorrea, O. | |
| 100 | 1 | _aCarvalho, J.B. de | |
| 100 | 1 | _aRangel Filho, F.B. | |
| 245 | 1 | _aPesquisas sobre o tratamento das mamites da vaca leiteira | |
| 650 | _aVACA LEITEIRA | ||
| 650 | _aGLANDULA MAMARIA | ||
| 650 | _aLEITE | ||
| 650 | _aORDENHA | ||
| 650 | _aVETERINARIA | ||
| 773 | 0 |
_tArquivos da Universidade Federal Rural do Rio de Janeiro (Brazil) _xISSN 0100-2481 _g(1971), v. 1 p. 41-45 _wBR9206851 |
|
| 909 |
_a202311 _bLúcia _c55 _dLúcia Elande |
||
| 942 |
_2AGRIS _n0 _cANA |
||
| 999 |
_c135533 _d135533 |
||